|
|
|
|
| LEADER |
01219nam a2200313 a 4500 |
| 001 |
GR-MES13215 |
| 008 |
070926s enk b 001 0 gre d |
| 020 |
|
|
|a 1412920108
|
| 020 |
|
|
|a 1412920116
|
| 040 |
|
|
|a GrPaTEI
|b gre
|c GR-PaULI
|
| 040 |
|
|
|a GrPaTEI
|b gre
|c GR-PaULI
|
| 082 |
|
0 |
|a 808.066 3
|2 22
|
| 100 |
1 |
|
|a Redman, Peter
|
| 245 |
1 |
0 |
|a Good essay writing :
|b A social sciences guide /
|c Peter Redman.
|
| 250 |
|
|
|a 3rd ed.
|
| 260 |
|
|
|a London
|a Thousand Oaks :
|b Sage Publications :
|b Open University,
|c 2006
|
| 300 |
|
|
|a vii
|a 121σ. ;
|c 22εκ.
|
| 490 |
0 |
|
|a Sage study skills
|
| 504 |
|
|
|a Περιλαμβάνει βιβλιογραφίες και ευρετήριο.
|
| 650 |
|
0 |
|a English language
|x Rhetoric
|
| 650 |
|
0 |
|a Essay
|
| 650 |
|
0 |
|a Social sciences
|
| 650 |
|
4 |
|a Αγγλική γλώσσα
|x Ρητορική
|
| 650 |
|
4 |
|a Δοκίμια
|
| 650 |
|
4 |
|a Κοινωνικές επιστήμες
|
| 942 |
|
|
|2 ddc
|
| 952 |
|
|
|0 0
|1 0
|2 ddc
|4 0
|6 808_066000000000000_3_RED
|7 0
|9 271724
|a MSLG
|b MSLG
|c BSC
|d 2021-01-17
|e 24
|f 0
|g 0.00
|l 0
|o 808.066 3 RED
|p 2420000022542
|r 2021-01-17 00:00:00
|t 1
|w 2021-01-17
|y BK15
|x 20070926 0 ΜΑΤΣΙΩΡΗ 1
|x GrPaTEI
|
| 971 |
|
|
|a .b25792635
|b 15-04-20
|c 13-09-16
|
| 999 |
|
|
|c 157008
|d 157008
|